000
00314nam a22001457a 4500
008
221007b ||||| |||| 00| 0 eng d
020
_a
191063780
041
_a
eng
080
_a
617
082
_a
617HOA
100
_a
15.1
101
_a
ORTOP
245
_a
CLINICAL ORTHOPAEDICS
_c
HOAGLUND F
942
_2
udc
_c
BK
999
_c
58402
_d
58402